| 000 | 00663nam a2200217 i 4500 | ||
|---|---|---|---|
| 001 | 000026732 | ||
| 003 | DO-SdBNP | ||
| 005 | 20250130095010.0 | ||
| 007 | ta | ||
| 008 | 110324s2001 dr 000 0 spa d | ||
| 040 |
_aDO-SdBNP _bspa _cBNPHU |
||
| 049 | _aBNPD | ||
| 082 | 4 |
_axxxx _bR426f _222 |
|
| 110 | 1 |
_aRepública Dominicana. _bSecretaría de Estado de Educación, Bellas Artes y Cultos _923965 |
|
| 245 | 1 | 0 | _aFundamentos del curriculum |
| 264 | 4 |
_aSanto Domingo : _bEditora Taller, _c2001. |
|
| 300 |
_avolumen ; _c27 cm. |
||
| 490 | 1 |
_aColección INNOVA 2000 _v3 |
|
| 505 |
_av. 2-- _tNaturaleza de las áreas y ejes transversales. |
||
| 942 |
_2ddc _cLBS1 |
||
| 999 |
_c26224 _d26224 |
||